| 000 | 00951nam a22002297a 4500 | ||
|---|---|---|---|
| 001 | 240031 | ||
| 003 | DO-SdBNP | ||
| 005 | 20160513150642.0 | ||
| 007 | 240031 | ||
| 008 | 160321b 1963 ag xxu||||| |||| 00| 0 spa d | ||
| 040 |
_aBPMSU _bspa _cBPMSU |
||
| 092 |
_axxxx _bxxxx |
||
| 100 | 1 | _aFunes, María José | |
| 245 |
_aConquista y reconquista del norte santafesino / _cJosé María Funes. |
||
| 260 |
_aSanta Fe, Argentina : _b[Librería y Editorial Castellví], _c1963. |
||
| 300 |
_a58 p. : _bil., mapas, retrs. : _c27 cm. |
||
| 500 | _aEl contenido de este volumen es un apartado, ligeramente corregido, de la colaboracion inserta en el No. XXVIII (febrero de 1963) de la Revista de la Junta Provincial de Estudios Históricos de Santa Fe. | ||
| 500 | _a Libro prestado a la señora Angelina | ||
| 590 | _6La biblioteca posee un ejemplar autografiado por el autor. | ||
| 942 |
_2ddc _cBK |
||
| 956 |
_2LOPEREZ _310 _620161305 _8BPMSU _a00041 |
||
| 999 |
_c9347 _d9347 |
||